000
00339nam a2200133Ia 4500
008
151001s9999||||xx |||||||||||||| ||und||
100
_a
अरुण शेवते
245
_a
मागे वळून पहा
250
_a
1
260
_b
श्रीकल्प
260
_c
2006
300
_a
188
365
_b
21
999
_c
986522
_d
986519